War history of Indian army (Record no. 395391)

MARC details
000 -LEADER
fixed length control field 00485 a2200193 4500
005 - DATE & TIME
control field 20260204150749.0
008 - FIXED-LENGTH DATA ELEMENTS--GENERAL INFORMATION
fixed length control field 260204b |||||||| |||| 00| 0 eng d
020 ## - ISBN
International Standard Book Number 9789382532170
Price Rs. 995.00
040 ## - CATALOGING SOURCE
Original cataloging agency VIVEKANANDA LIBRARY
082 ## - DDC NUMBER
Classification number 355.020954
Book Number S84W
100 ## - MAIN ENTRY--PERSONAL NAME
Personal name Satendra Kumar
245 ## - TITLE STATEMENT
Title War history of Indian army
260 ## - PUBLICATION, DISTRIBUTION, ETC. (IMPRINT)
Name of publisher, distributor, etc Yking Books
Date of publication, distribution, etc 2013
Place of publication, distribution, etc Jaipur
300 ## - PHYSICAL DESCRIPTION
Pages 280
650 ## - Subject
Subject Defence Studies
650 ## - Subject
Subject War - History
650 ## - Subject
Subject Military Science
942 ## - ADDED ENTRY ELEMENTS (KOHA)
Koha item type Books
Holdings
Withdrawn status Lost status Source of classification or shelving scheme Damaged status Not for loan Location (home branch) Sublocation or collection (holding branch) Shelving location Date acquired Koha issues (times borrowed) Koha full call number Accession No. Koha date last seen Koha item type
    Dewey Decimal Classification     VIVEKANANDA LIBRARY VIVEKANANDA LIBRARY Vivekananda Library 06/01/2026   355.020954 S84W 444065 06/01/2026 Books
© Designed and Maintained by Vivekananda Library, MDU Rohtak